Govt. of
Madhya Pradesh

वस्‍तुनिष्‍ठ मध्‍यप्रदेश परीक्षाधााम राज्‍य सेवा एवं सभी प्रतियोगी परीक्षाओं हेतु (Record no. 65820)

MARC details
000 -LEADER
fixed length control field 00496nam a22001097a 4500
082 ## - DEWEY DECIMAL CLASSIFICATION NUMBER
Classification number 001
100 ## - MAIN ENTRY--AUTHOR NAME
Personal name Sahu,Praveen
245 ## - TITLE STATEMENT
Title वस्‍तुनिष्‍ठ मध्‍यप्रदेश परीक्षाधााम राज्‍य सेवा एवं सभी प्रतियोगी परीक्षाओं हेतु
260 ## - PUBLICATION, DISTRIBUTION, ETC. (IMPRINT)
Place of publication भोपाल
Name of publisher परीक्षाधाम पब्लिकेशन
Year of publication 2023
650 ## - SUBJECT ADDED ENTRY--TOPICAL TERM
Topical Term GK
942 ## - ADDED ENTRY ELEMENTS (KOHA)
Koha item type Hindi Books
Holdings
Withdrawn status Lost status Damaged status Not for loan Home library Current library Date acquired Cost, normal purchase price Full call number Accession Number Price effective from Koha item type
        MACL MACL 29/01/2023 425.00 001 GCLC01009 29/01/2023 Hindi Books
        MACL MACL 29/01/2023 425.00 001 GCLC01008 29/01/2023 Hindi Books
        MACL MACL 29/01/2023 425.00 001 GCLC01007 29/01/2023 Hindi Books
        MACL MACL 29/01/2023 425.00 001 GCLC01006 29/01/2023 Hindi Books
        MACL MACL 29/01/2023 425.00 001 GCLC01005 29/01/2023 Hindi Books